01787cam a22004217a 4500003000500000005001700005008004100022010001000063011001000073035001000083040000900093090001000102100004300112245021100155260004100366300003200407502007500439590003700514590004100551590004100592590004100633590004100674590004200715650004200757650003900799650001200838650002200850650002100872700003700893901000700930905002400937942000900961949006200970949004901032999001701081952014001098952012701238CHAP20220817043823.0020218d2001 mx r 00110 spa d a85326 a86298 a96836 cCHAP aTesis00aCastañeda Méndez, Juvencio.91992510aNiveles óptimos biológicos y económicos de L-Metionina+Cistina y L-Lisina en dietas para pollos de engorda en crecimiento y finalizaciónc/por Juvencio Castañeda Méndez y Fredy Méndez Méndez aChapingo, Méx. :bEl autor,c2001. a51 h. ;bgráfs. : cuadros aTesis (Ing. Agr. Esp. en Zootecnia) -- UACH. Departamento de Zootecnia aALEPHb10c20130110lUCH01h1446 aBATCH-UPDb10c20130110lUCH01h0501 aBATCH-UPDb10c20130110lUCH01h2218 aBATCH-UPDb10c20130410lUCH01h0139 aBATCH-UPDb10c20130914lUCH01h0451 aCONVERSIONb10c20130109lUCH01h134714aAves de corralxAlimentación.9863814aAves de corralxCrecimiento.9864214aLisina.14aMetionina.97523514aPollosxEngorda.00aMéndez Méndez, Fredy.976539 aBK aMayto Villalobos S. cFOLL aTesisbBCcTESd33724000848552eTS2fc.2h39285i96836sb aTesisbBCcTESd968361eTS2h39284i96836sb c85326d85326 00102local4053708TESISaBCbBCcPA_TESISd2019-12-31fTESISl0oTesisp33724000848552r2019-12-31 00:00:00tc.2w2019-12-31yTESIS 00102local4051708TESISaBCbBCcPA_TESISd2019-12-31fTESISl0oTesisp968361r2019-12-31 00:00:00w2019-12-31yTESIS